000 01008nam a22002537a 4500
005 20170124103110.0
010 _aA-921534
020 _c275.00
035 _aA-921534
037 _bCen Lib/Ret
040 _aDPL
_bHN
082 _a230.44
_bगौड़रा
100 _aगौड़, रामशरण
_979472
245 _aअंतर्कथा संदर्भ कोश /
_cरामशरण गौड़
246 _aAntarkatha sandarbh kosh /
_bby Ramsharan Gaud
260 _aदिल्ली
_bअनिल प्रकाशन
_c1998
270 _bदिल्ली
_a2619-20 न्यू मार्किट, नई सड़क
_e110006
300 _a274पृ.
_c20सेमी(सजिल्द)
650 _aहिन्दू धर्म
_91413
650 _aअंतर्कथा -- पुराण
_91291
650 _aHindu religion
_979473
650 _aSubtext - Mythology
_979474
942 _2ddc
_cHN
_h230.44
_mगौड़रा
999 _c118317
_d118317